| 000 | 01098nam a22003257a 4500 | ||
|---|---|---|---|
| 003 | CHAP | ||
| 005 | 20220329135139.0 | ||
| 008 | 971013s1963 r 00010 d | ||
| 010 | _a31673 | ||
| 011 | _a32645 | ||
| 035 | _a36760 | ||
| 040 | _cCHAP | ||
| 082 |
_a546 _bN4Y |
||
| 100 | 0 | 0 |
_aNechamkin, Howard. _980673 |
| 245 | _aProblemas en química inorgánica | ||
| 260 |
_aMéxico, D. F. : _bCECSA, _c1963 |
||
| 300 | _a201 p. | ||
| 590 |
_aBATCH-UPD _b10 _c20130110 _lUCH01 _h1715 |
||
| 590 |
_aBATCH-UPD _b10 _c20130410 _lUCH01 _h1100 |
||
| 590 |
_aBATCH-UPD _b10 _c20130914 _lUCH01 _h1837 |
||
| 590 |
_aCONVERSION _b10 _c20130109 _lUCH01 _h1318 |
||
| 650 | 1 | 4 |
_aQuímica inorgánica. _993593 |
| 901 | _aBK | ||
| 942 | _cLIBRO | ||
| 949 |
_a546 N4Y _bBC _cLIBRO _d-84572 _eLIBRO _fc.3 _h35929 _i36760 _si |
||
| 949 |
_a546 N4Y _bBC _cLIBRO _d-84573 _eLIBRO _fc.4 _h35930 _i36760 _si |
||
| 949 |
_a546 N4Y _bBC _cLIBRO _d-84574 _eLIBRO _fc.5 _h35931 _i36760 _si |
||
| 949 |
_a546 N4Y _bBC _cLIBRO _d33724000941357 _eLIBRO _fc.2 _h35928 _i36760 _si |
||
| 949 |
_a546 N4Y _bBC _cLIBRO _d33724000987848 _eLIBRO _h35927 _i36760 _si |
||
| 999 |
_c31673 _d31673 |
||